| 000 | 01303nam a2200325 a 4500 | ||
|---|---|---|---|
| 005 | 20240412122554.0 | ||
| 008 | 100309e1992||||sp 0f0 S S1 S spa d | ||
| 020 | _a8474230500 | ||
| 041 | _aspa | ||
| 092 |
_c170 _l77 _sSAN |
||
| 100 | 1 |
_aSánchez Vázquez, Adolfo _93111 |
|
| 245 |
_aEtica. _bUna crítica de los intentos especulativos de ver la moral como un sistema válido para todos los tiempos y todos los hombres / _cAdolfo Sánchez Vázquez |
||
| 250 | _a5a ed. | ||
| 260 |
_aBarcelona: _bCritica; _c1992. |
||
| 300 | _a279 p. | ||
| 500 | _aSánchez Vázquez, A. (1992). Ética. Un crítica de los intentos especulativos de ver la moral como un sistema válido para todos los tiempos y todos los hombres. (5a ed.). Barcelona : Crítica. | ||
| 590 | _aDonación Dora Vera, febrero 2017 | ||
| 653 | _aObjeto de la etica | ||
| 653 | _aMoral e historia | ||
| 653 | 3 | _aLa esencia de la moral | |
| 653 | 3 | _aLa moral y otras formas de conducta humana | |
| 653 | _aResponsabilidad moral,determinismo y libertad | ||
| 653 | 4 | _aLos valores | |
| 653 | 3 | _aLa valoracion moral | |
| 653 | 3 | _aLa obligatoriedad moral | |
| 653 | 3 | _aLa realización de la moral | |
| 653 | _aForma y justificacion de los juicios morales | ||
| 653 | _aDoctrinas eticas fundamentales | ||
| 942 |
_2ddc _cBK |
||
| 999 |
_c2304 _d2304 |
||